000 00299nam a22001337a 4500
008 170516b xxu||||| |||| 00| 0 eng d
020 _a9780558903947
041 _aeng
080 _a94 100
100 _a16
101 _aSHH
245 _aMERDIANS WORLD HISTORY
_cKISHLANSKY.M
942 _2udc
_cBK
999 _c13352
_d13352